The best collection of Carpenters

Gorde:
Xehetasun bibliografikoak
Formatua: Liburua
Hizkuntza:Undetermined
Argitaratua: Thành phố Hồ Chí Minh Trẻ 2004
Gaiak:
Etiketak: Etiketa erantsi
Etiketarik gabe, Izan zaitez lehena erregistro honi etiketa jartzen!
Thư viện lưu trữ: Trung tâm Học liệu Trường Đại học Cần Thơ
LEADER 00471nam a2200181Ia 4500
001 CTU_60392
008 210402s9999 xx 000 0 und d
020 |b 76000 
082 |a 782.42 
082 |b B561 
245 4 |a The best collection of Carpenters 
260 |a Thành phố Hồ Chí Minh 
260 |b Trẻ 
260 |c 2004 
650 |a Songs 
650 |x Collections 
904 |i Minh, Năm 
980 |a Trung tâm Học liệu Trường Đại học Cần Thơ